The decline of the Roman Empire in the West /

محفوظ في:

المؤلف الرئيسي: Walbank, F. W., 1909-2008 (مؤلف)

التنسيق: كتاب

اللغة: English

منشور في: New York : H. Schuman, [1953].

سلاسل: Schuman's college paperbacks.

الموضوعات:

الوسوم: إضافة وسم

لا توجد وسوم, كن أول من يضع وسما على هذه التسجيلة!

رقم الطلب: DG312 .W3 1953

LEADER 00888nam a2200277I 4500
001 6510
003 OSt
005 20260120134736.0
008 130303s1953 nyua 000 0 eng d
010 |a 53009075 
040 |c ARCE Library 
043 |a e-it---  |a e------  |a ff-----  |a aw----- 
050 4 |a DG312 .W3 1953 
100 1 |a Walbank, F. W.,   |q (Frank William),   |d 1909-2008,  |e author 
245 1 4 |a The decline of the Roman Empire in the West /  |c by Frank W. Walbank. 
264 1 |a New York :   |b H. Schuman,   |c [1953]. 
300 |a 97 pages :  |b illustrations ;  |c 18 cm. 
490 0 |a Schuman's college paperbacks. 
504 |a Bibliography : pages [86]-88. 
651 0 |a Rome  |x History  |y Empire, 30 B.C.-476 A.D. 
651 0 |a Rome  |x Economic conditions. 
651 0 |a Rome  |x Social conditions. 
852 |a IN  |c 20090706162158.0n  |p 6246 
901 |a reviewed 
942 |c BK  |2 lcc 
999 |c 8574  |d 8574